Français ayant gagné un Golden Globes - Statistiques

Statistiques générales
  • Ce quiz a été pris 31 fois
    30 depuis la dernière actualisation
  • Le résultat moyen est 13 sur 43
Statistiques - réponses
Année Catégorie Oeuvre Personnalité % Correct
2012 Meilleur acteur dans un film musical ou une comédie The Artist Jean Dujardin
100%
2008 Meilleure actrice dans un film musical ou une comédie La Môme Marion Cotillard
93%
2025 Meilleur film musical ou comédie Emilia Pérez Jacques Audiard
79%
2025 Meilleur film en langue étrangère Emilia Pérez Jacques Audiard
79%
2012 Meilleur film musical ou comédie The Artist Michel Hazanavicius
72%
1991 Meilleur acteur dans un film musical ou une comédie Green Card Gérard Depardieu
55%
2024 Meilleur film étranger Anatomie d'une chute Justine Triet
55%
2024 Meilleur scénario Anatomie d'une chute Justine Triet
55%
1975 Meilleur film dramatique Chinatown Roman Polanski
55%
1975 Meilleur réalisateur Chinatown Roman Polanski
55%
1982 Meilleur film étranger Tess Roman Polanski
55%
1967 Meilleur film étranger Un homme et une femme Claude Lelouch
48%
1968 Meilleur film étranger Vivre pour vivre Claude Lelouch
48%
2017 Meilleure actrice dans un film dramatique Elle Isabelle Huppert
45%
2013 Meilleur film étranger Amour Michael Haneke
41%
2007 Meilleure musique de film Le Voile des illusions Alexandre Desplat
38%
2018 Meilleure musique de film La Forme de l'eau Alexandre Desplat
38%
2025 Meilleure chanson originale Emilia Pérez Camille
38%
1970 Meilleur film étranger Z Constantin Costa-Gavras
28%
1966 Meilleure actrice dans un film dramatique Un homme et une femme Anouk Aimée
24%
1969 Meilleure chanson L'Affaire Thomas Crown Michel Legrand
24%
2017 Meilleur film étranger Elle Paul Verhoeven
21%
2018 Meilleur film étranger In the Fade Fatih Akın
14%
1991 Meilleur film étranger Cyrano de Bergerac Jean-Paul Rappeneau
14%
1963 Meilleure musique de film Lawrence d'Arabie Maurice Jarre
14%
1985 Meilleure musique de film La Route des Indes Maurice Jarre
14%
1989 Meilleure musique de film Gorilles dans la brume Maurice Jarre
14%
1996 Meilleure musique de film Les Vendanges de feu Maurice Jarre
14%
1993 Meilleur film étranger Indochine Régis Wargnier
14%
1998 Meilleur film étranger Ma vie en rose Alain Berliner
7%
2025 Meilleure chanson originale Emilia Pérez Clément Ducol
7%
2008 Meilleur film étranger Le Scaphandre et le Papillon Julian Schnabel
7%
1964 Meilleure actrice dans un film dramatique La Chambre indiscrète Leslie Caron
7%
2012 Meilleure musique de film The Artist Ludovic Bource
7%
1960 Meilleur film étranger Orfeu Negro Marcel Camus
7%
1971 Meilleur film étranger Le Passager de la pluie René Clément
7%
1980 Meilleur film étranger La Cage aux folles Édouard Molinaro
3%
1997 Meilleure musique de film Le Patient anglais Gabriel Yared
3%
1953 Meilleure actrice dans un second rôle Moulin Rouge Colette Marchand
0%
1953 Révélation féminine de l'année Moulin Rouge Colette Marchand
0%
1971 Meilleure musique de film Love Story Francis Lai
0%
1995 Meilleur film étranger Farinelli Gérard Corbiau
0%
1967 Meilleure actrice dans un second rôle Hawaï Jocelyne LaGarde
0%
Aucun quiz correspondant
Distribution des résultats
% des personnes avec chaque résultat
Percentile par nombre de réponses
Votre historique - résultats
Vous n’avez pas pris ce quiz depuis la dernière actualisation